| 000 | 01466nam a2200265Ia 4500 | ||
|---|---|---|---|
| 003 | PE SENCICO BE | ||
| 005 | 20251020182428.0 | ||
| 008 | 200515s9999 xx 000 0 und d | ||
| 040 |
_aPE SENCICO BE _cPE SENCICO BE |
||
| 041 | _aspa | ||
| 082 |
_a301 _bL32 |
||
| 100 | 1 |
_aLazarsfeld, Paul F. _92358 _eautor |
|
| 245 | 1 | 0 |
_aPlanificación sociológica de los problemas sociales / _cPaul F. Lazarsfeld |
| 260 |
_aBuenos Aires : _bPaidos ; _c1971 |
||
| 300 |
_a221 p. : _c22 cm. |
||
| 490 |
_aBiblioteca de psicología y sociología aplicadas ; _vv. 7 |
||
| 505 | 0 | _aLa pobreza urbana y la planificación social -- Del tratamiento de la delincuencia al desarrollo de la comunidad -- Investigación y los conflictos que surgen al desarrollar programas sociales -- La escuela y la familia: la vinculación de las organizaciones con los grupos primarios externos -- La desocupación, la mano de obra y el desarrollo regional -- La salud pública -- La vejez. | |
| 520 | _aLas experiencias que se recogieron en E.U.A., han promovido un nuevo sistema de conceptos, de métodos y de problemas que dieron origen a especializaciones profesionales como la sociología médica y la gerontología social. Este documento trata de ello y ade | ||
| 650 | 1 | 0 |
_aSociología _92327 |
| 650 | 2 | 0 |
_aPolítica social _92359 |
| 650 | 2 | 0 |
_aProblemas sociales _92360 |
| 700 | 1 |
_92361 _aSewell, William H. _eautor |
|
| 700 | 1 |
_92362 _aWilensky, Harold L. _eautor |
|
| 942 |
_cLIB _2ddc |
||
| 999 |
_c160 _d160 |
||